Bohaterowie literaccy - Statystyki

Ogólne statystyki
  • Ten quiz został rozwiązany 26 razy
  • Średni wynik to 12 z 25
Statystyki odpowiedzi
Bohater Autor % Poprawnych
Zbyszko z Bogdańca Henryk Sienkiewicz
96%
Bilbo Baggins J.R.R. Tolkien
92%
Stanisław Wokulski Bolesław Prus
88%
Ignacy Rzecki Bolesław Prus
75%
Rodion Raskolnikow Fiodor Dostojewski
75%
Ania Shirley Lucy Maud Montgomery
71%
Tomasz Judym Stefan Żeromski
71%
Tadeusz Zawadzki Aleksander Kamiński
63%
Ginny Weasley J.K. Rowling
63%
Jane Marple Agatha Christie
46%
John Watson Arthur Conan Doyle
46%
Nana Émile Zola
46%
Joanna Chyłka Remigiusz Mróz
46%
Ernest Nemeczek Ferenc Molnar
42%
Bernard Rieux Albert Camus
38%
Lew Nikołajewicz Myszkin Fiodor Dostojewski
38%
Aleksy Wroński Lew Tołstoj
38%
Jakub Wędrowycz Andrzej Pilipiuk
33%
Emma Bovary Gustave Flaubert
29%
Zenon Ziembicki Zofia Nałkowska
29%
Beatrice Portinari Dante Alighieri
21%
Desdemona William Shakespeare
21%
Kurt Wallander Henning Mankell
13%
Jan Baptysta Grenouille Patrick Süskind
8%
Mikołaj Głowacki Jakub Żulczyk
4%
Nie znaleziono quizów pasujących do podanych kryteriów
Rozkład punktacji
Procent ludzi z każdym wynikiem
Percentyl według liczby udzielonych odpowiedzi
Twoja historia wyników
Nie rozwiązałeś tego quizu